000 01240nam a2200301 4500
001 0000017092
003 CO-CtgCURN
005 20250331185147.0
007 ta
008 160627s1989 000 0 eng d
020 _a0721613306
040 _aCO-CtgCURN
_bspa
_ccoctgcurn
082 0 _a611.9
_bG17a
100 1 _aRahilly, Ronan O.
245 1 0 _aAnatomía de Gardner /
_cRonan O. Rahilly.
250 _a5a ed.
260 _aMexico :
_bInteramericana McGraw,
_c1989.
300 _axiii, 928.
336 _2rdacontent
337 _2rdamedia
_asin mediacion
_bn
338 _2rdacarrier
_avolumen
_bnc
500 _aIncluye indice Alfabetico.
505 8 _aCabeza y cuello. dorso.--Extremidad superior.--Torax.--Abdomen.--Pelvis.--Extremidad inferior.--Bazo.--Pericardio.--Sistema muscular.--Esqueleto.--Articulaciones.--Sistema nervioso.--Vasos sanguineos y sistema linfatico.--Viceras.--Piel, pelos y uñas.--Anatomía del niño.--Anatomía Radiologica.--Anatomía de super ficie y lesiones de los nervios perifericos del miembro superior
650 1 4 _aAnatomía topografica y funcional.
908 _a160627
942 _cBK
_h611.9
_iG17a
_2ddc
999 _c21640
_d21640